• 首页
  • 本馆介绍
  • 公告通知
  • 最新文献
  • 馆藏检索
  • 电子资源
  • 读者导购
  • 参考咨询
  • 我的图书馆
  • 登录
  • 详细信息显示
  • 放入我的书架
  • 预约/预借图书
  • 作者相关作品
  • 分类相关作品
  • 丛书相关作品
  • 出版社相关作品

书目信息

  • 表格格式
  • 工作单格式
  • 卡片格式
题名:
高性能混凝土外加剂
    
 
作者: 缪昌文 著
分册:  
出版信息: 北京   化学工业出版社  2008.09
页数: 335页
开本: 24cm
丛书名:
单 册:
中图分类: TU528.042
科图分类:
主题词: 高强混凝土--水泥外加剂 , 高强混凝土 , 水泥外加剂
电子资源:
ISBN: 978-7-122-03610-0
000 00978nam0 2200265 450
001 010010019555
005 20120628152914.28
010    @a978-7-122-03610-0@dCNY49.00
100    @a20081023d2008 em y0chiy0110 ea
101 0  @achi
102    @aCN@b110000
105    @aak z 000yy
106    @ar
200 1  @a高性能混凝土外加剂@9gao xing neng hun ning tu wai jia ji@f缪昌文著
210    @a北京@c化学工业出版社@d2008.09
215    @a335页@c图@d24cm
330    @a本书论述了羧酸类减水剂、氨基磺酸盐类减水剂、改性萘系减水剂、减缩剂、引气剂等高性能混凝土外加剂的分子结构设计、生产工艺流程及参数控制,以及外加剂在水泥混凝土中的作用机理、外加剂对混凝土物理力学性能及耐久性性能的影响等。
510 1  @aHigh performance admixture for concrete@zeng
606 0  @a高强混凝土@x水泥外加剂
606 0  @a高强混凝土
606 0  @a水泥外加剂
690    @aTU528.042@v4
701  0 @a缪昌文@9miao chang wen@4著
801  0 @aCN@bRENTIAN@c20081023
905    @b541678-82@dTU528.042@e554@f5
    
    高性能混凝土外加剂/缪昌文著.-北京:化学工业出版社,2008.09
    335页:图;24cm
    
    
    ISBN 978-7-122-03610-0:CNY49.00
    本书论述了羧酸类减水剂、氨基磺酸盐类减水剂、改性萘系减水剂、减缩剂、引气剂等高性能混凝土外加剂的分子结构设计、生产工艺流程及参数控制,以及外加剂在水泥混凝土中的作用机理、外加剂对混凝土物理力学性能及耐久性性能的影响等。
●
相关链接 在E读中查询图书 在五车中查询图书 在当当中查询图书 在豆瓣中查询图书


正题名:高性能混凝土外加剂     索取号:TU528.042/554         预约/预借

序号 登录号 条形码 馆藏地/架位号 状态 备注
1 541678   205416780   第二样本阅览室/ [索取号:TU528.042/554] 在馆    
2 541679   205416799   第三借阅区/ [索取号:TU528.042/554] 在馆    
3 541680   205416806   第三借阅区/ [索取号:TU528.042/554] 在馆    
4 541681   205416815   第三借阅区/ [索取号:TU528.042/554] 在馆    
5 541682   205416824   第三借阅区/ [索取号:TU528.042/554] 在馆    
唐山师范学院图书馆 欢迎您!
大连网信软件有限公司© 版权所有